000
00290nam a2200121Ia 4500
005
20251222154354.0
008
251222s9999||||xx |||||||||||||| ||spa||
020
_a
8470903438
082
_a
704.9482/C28
100
_a
Carmona Muela, Juan
245
0
_a
Iconografía Cristiana:
942
_c
LIB
999
_c
35041
_d
35041